[Event "RSA-ch U08"]
[Site "Gauteng"]
[Date "2017.04.10"]
[Round "9"]
[White "Spiller, Caden"]
[Black "Jansen Van Vuuren, Christopher"]
[Result "1-0"]
[WhiteElo "900"]
[BlackElo "675"]
[PlyCount "41"]
[EventDate "2017.04.05"]
[EventType "swiss"]
[EventRounds "11"]
[EventCountry "RSA"]
[SourceTitle "CBM 177 Extra"]
[Source "ChessBase"]
[SourceDate "2017.04.27"]
[SourceVersion "1"]
[SourceVersionDate "2017.04.27"]
[SourceQuality "1"]

1. e4 e5 2. Nf3 Nc6 3. Bc4 Bc5 4. 0-0 Nf6 5. Nc3 0-0 6. d3 d6 7. h3 h6 8. Ne2 Be6 9. Bb3 a6 10. Ng3 Bd7 11. Nh4 Nd4 12. Bc4 Nc6 13. Ngf5 Kh8 14. Bd2 Re8 15. Qc1 Kg8 16. Qd1 Ne7 17. Nxe7+ Rxe7 18. Nf5 Re8 19. Bxh6 gxh6 20. Qg4+ Kh8 21. Qg7# 1-0

[Event "RSA-ch U08"]
[Site "Gauteng"]
[Date "2017.04.08"]
[Round "7"]
[White "Spiller, Caden"]
[Black "Peter, Noah"]
[Result "0-1"]
[WhiteElo "900"]
[BlackElo "1048"]
[PlyCount "33"]
[EventDate "2017.04.05"]
[EventType "swiss"]
[EventRounds "11"]
[EventCountry "RSA"]
[SourceTitle "CBM 177 Extra"]
[Source "ChessBase"]
[SourceDate "2017.04.27"]
[SourceVersion "1"]
[SourceVersionDate "2017.04.27"]
[SourceQuality "1"]

1. e4 c5 2. Nc3 Nc6 3. f4 d6 4. h3 Nf6 5. Nf3 e6 6. Bc4 Be7 7. 0-0 0-0 8. d3 a6 9. Be3 b5 10. Bb3 b4 11. Ne2 g5 12. c4 a5 13. Bc2 Nd7 14. d4 cxd4 15. Bxd4 Nxd4 16. Nfxd4 Nc5 17. e5 0-1

[Event "RSA-ch U08"]
[Site "Gauteng"]
[Date "2017.04.05"]
[Round "1"]
[White "Jacobs, Jancu"]
[Black "Spiller, Caden"]
[Result "0-1"]
[WhiteElo "626"]
[BlackElo "900"]
[PlyCount "46"]
[EventDate "2017.04.05"]
[EventType "swiss"]
[EventRounds "11"]
[EventCountry "RSA"]
[SourceTitle "CBM 177 Extra"]
[Source "ChessBase"]
[SourceDate "2017.04.27"]
[SourceVersion "1"]
[SourceVersionDate "2017.04.27"]
[SourceQuality "1"]

1. e3 e5 2. Nf3 Nc6 3. d3 d5 4. Nc3 Nf6 5. Be2 Bc5 6. 0-0 0-0 7. Ng5 h6 8. Nh3 Bxh3 9. e4 Be6 10. Bd2 d4 11. Na4 Bd6 12. Qc1 Nd7 13. Bxh6 gxh6 14. Qxh6 Qf6 15. Qh5 Rfd8 16. Rad1 Kf8 17. Qh7 Ke7 18. Bf3 Rh8 19. Rfe1 Rxh7 20. Re2 Qh6 21. h3 Bxh3 22. gxh3 Qxh3 23. Bg2 Qh2+ 0-1

[Event "RSA-ch U08"]
[Site "Bloemfontein"]
[Date "2016.03.24"]
[Round "9"]
[White "Spiller, Caden"]
[Black "Van der Walt, Jean Hendrik T"]
[Result "1/2-1/2"]
[WhiteElo "724"]
[BlackElo "774"]
[PlyCount "48"]
[EventDate "2016.03.20"]
[EventType "swiss"]
[EventRounds "11"]
[EventCountry "RSA"]
[SourceTitle "CBM 171 Extra"]
[Source "ChessBase"]
[SourceDate "2016.04.26"]
[SourceVersion "1"]
[SourceVersionDate "2016.04.26"]
[SourceQuality "1"]

1. e4 e5 2. Nf3 Nc6 3. Bc4 Nf6 4. Ng5 d5 5. exd5 Nxd5 6. Nxf7 Qh4 7. Nxh8 Bg4 8. g3 Qh3 9. f3 Bh5 10. Bxd5 0-0-0 11. Nf7 Rxd5 12. Nc3 Rd7 13. Ng5 Qg2 14. Rf1 Bc5 15. Nge4 Bd4 16. Nb5 Bb6 17. d3 Ba5+ 18. c3 Bg6 19. Rf2 Qg1+ 20. Rf1 Qg2 21. Nc5 Rd8 22. Rf2 Qg1+ 23. Rf1 Qxc5 24. b4 Rxd3 1/2-1/2